[Event "26th North American Open"]
[Site "Las Vegas"]
[Date "2016.12.27"]
[Round "4.3"]
[White "Hilby, Craig"]
[Black "Friedel, Joshua"]
[Result "0-1"]
[WhiteElo "2347"]
[BlackElo "2510"]
[PlyCount "152"]
[EventDate "2016.12.??"]
[EventType "swiss"]
[EventRounds "9"]
[EventCountry "USA"]
[Source "MonRoi"]
[WhiteClock "0:00:32"]
[BlackClock "0:00:12"]

1. e4 e5 2. Nf3 Nc6 3. Nc3 Nf6 4. Bb5 Bb4 5. O-O O-O 6. Bxc6 dxc6 7. d3 Nd7 8.
Ne2 Re8 9. Ng3 Bf8 10. Be3 c5 11. Nd2 g6 12. Nc4 b6 13. f4 exf4 14. Bxf4 Bg7
15. Qf3 Rf8 16. Rae1 Ba6 17. e5 Qe7 18. Ne4 Bxc4 19. Bg5 Qe6 20. dxc4 Nxe5 21.
Qg3 f5 22. Nf2 Rae8 23. Bf4 Qd6 24. Re2 Re6 25. Rd1 Qe7 26. Rde1 Re8 27. Kf1
Qf6 28. b3 c6 29. Bd2 Nd7 30. Bc3 Qf7 31. Bxg7 Rxe2 32. Rxe2 Rxe2 33. Kxe2 Qxg7
34. Nd3 Qe7+ 35. Kf1 Nf6 36. Qb8+ Kg7 37. Ne5 Kh6 38. Nxc6 Qe4 39. Ne5 Kh5 40.
Nd3 Ng4 41. Nf4+ Kg5 42. Nd5 Qd4 43. Ke2 Qf2+ 44. Kd3 b5 45. Qd6 Qd4+ 46. Ke2
Qe4+ 47. Kd1 bxc4 48. bxc4 Ne3+ 49. Nxe3 Qxe3 50. Qd8+ Kg4 51. Qd5 h5 52. Qc6
Qd4+ 53. Kc1 Kg5 54. Qd5 Qe3+ 55. Kb2 Qe7 56. Kb3 Qc7 57. g3 Kg4 58. Qd1+ Kh3
59. Qe2 Qb6+ 60. Kc3 Qa5+ 61. Kd3 Qd8+ 62. Kc3 Qd4+ 63. Kb3 Qe4 64. Qd2 Qb7+
65. Ka4 g5 66. c3 g4 67. Qd5 Qa6+ 68. Kb3 Qb6+ 69. Ka4 Kxh2 70. Qxf5 Qa6+ 71.
Kb3 Qd6 72. Qxh5+ Kxg3 73. Qd5 Qb6+ 74. Kc2 Qg6+ 75. Kb2 Kh2 76. Qxc5 Qb6+ 0-1

[Event "26th North American Open"]
[Site "Las Vegas"]
[Date "2016.12.27"]
[Round "4.4"]
[White "Brown, Michael"]
[Black "Mandizha, Farai"]
[Result "1-0"]
[WhiteElo "2452"]
[BlackElo "2355"]
[PlyCount "85"]
[EventDate "2016.12.??"]
[EventType "swiss"]
[EventRounds "9"]
[EventCountry "USA"]
[Source "MonRoi"]
[WhiteClock "0:00:16"]
[BlackClock "0:12:17"]

1. d4 Nf6 2. c4 g6 3. Nc3 Bg7 4. e4 d6 5. Nf3 O-O 6. Be2 e5 7. Be3 Ng4 8. Bg5
f6 9. Bh4 Nc6 10. d5 Ne7 11. Nd2 Nh6 12. f3 c5 13. a3 g5 14. Bf2 f5 15. exf5
Bxf5 16. Nde4 Ng6 17. g3 b6 18. Be3 Nf7 19. Qd2 h6 20. O-O Nf4 21. gxf4 exf4
22. Bf2 Ne5 23. Kh1 Qe7 24. Rae1 Bg6 25. Rg1 Bh5 26. Qd1 Rad8 27. Nd2 Qd7 28.
Nce4 Qf5 29. Rg2 Rfe8 30. Reg1 Qh3 31. Be1 Re7 32. Nf2 Qd7 33. h4 Nf7 34. Nde4
Rde8 35. hxg5 hxg5 36. Rxg5 Nxg5 37. Rxg5 Rxe4 38. fxe4 Bxe2 39. Qxe2 Re5 40.
Qg4 Qxg4 41. Rxg4 Kh7 42. Rxg7+ Kxg7 43. Bc3 1-0

[Event "26th North American Open"]
[Site "Las Vegas"]
[Date "2016.12.27"]
[Round "4"]
[White "Wheeler, Cameron"]
[Black "Li, Zhaozhi"]
[Result "1/2-1/2"]
[WhiteElo "2408"]
[BlackElo "2313"]
[PlyCount "66"]
[EventDate "2016.12.??"]
[EventType "swiss"]
[EventRounds "9"]
[EventCountry "USA"]
[Source "MonRoi"]

1. Nf3 c5 2. c3 e6 3. d4 d5 4. Bf4 Bd6 5. Bxd6 Qxd6 6. e3 Nc6 7. dxc5 Qxc5 8.
b4 Qd6 9. Nbd2 Nf6 10. a3 O-O 11. c4 b6 12. cxd5 Qxd5 13. Bc4 Qh5 14. O-O Bb7
15. Be2 Rfd8 16. Rc1 Ne5 17. Rc7 Bxf3 18. Bxf3 Nxf3+ 19. Qxf3 Qd5 20. Qxd5 Nxd5
21. Rc2 Rac8 22. Rfc1 Rxc2 23. Rxc2 Kf8 24. b5 Nc3 25. Rxc3 Rxd2 26. Kf1 Ke8
27. Rc8+ Rd8 28. Rc4 Rd5 29. a4 Rd1+ 30. Ke2 Ra1 31. Kd3 Kd7 32. Rd4+ Ke7 33.
Rc4 Kd7 1/2-1/2

[Event "26th North American Open"]
[Site "Las Vegas"]
[Date "2016.12.27"]
[Round "4"]
[White "Matikozyan, Andranik"]
[Black "Chen, Peng"]
[Result "1/2-1/2"]
[WhiteElo "2404"]
[BlackElo "2297"]
[PlyCount "41"]
[EventDate "2016.12.??"]
[EventType "swiss"]
[EventRounds "9"]
[EventCountry "USA"]
[Source "MonRoi"]

1. e4 c5 2. Nf3 d6 3. Nc3 Nf6 4. d4 cxd4 5. Nxd4 a6 6. Bc4 e6 7. O-O Nc6 8. Bb3
Qc7 9. Kh1 Be7 10. f4 O-O 11. f5 Nxd4 12. Qxd4 Bd7 13. Bg5 h6 14. Bh4 exf5 15.
exf5 Bc6 16. Rae1 Rfe8 17. Ne2 Ne4 18. Bxe7 Qxe7 19. Nc3 Qf6 20. Qxf6 Nxf6 21.
Kg1 1/2-1/2

[Event "26th North American Open"]
[Site "Las Vegas"]
[Date "2016.12.27"]
[Round "4"]
[White "Raptis, Nick"]
[Black "Panchanatham, Vignesh"]
[Result "1/2-1/2"]
[WhiteElo "2244"]
[BlackElo "2381"]
[PlyCount "123"]
[EventDate "2016.12.??"]
[EventType "swiss"]
[EventRounds "9"]
[EventCountry "USA"]
[Source "MonRoi"]

1. Nf3 Nf6 2. g3 g6 3. Bg2 Bg7 4. O-O O-O 5. d4 d5 6. c4 c6 7. cxd5 cxd5 8. Nc3
Ne4 9. Bf4 Nc6 10. Rc1 Be6 11. Ne5 Nxc3 12. Rxc3 Rc8 13. Qa4 Qb6 14. Nxc6 Rxc6
15. Rxc6 bxc6 16. e3 c5 17. dxc5 Qxc5 18. b4 Qb6 19. a3 Rc8 20. e4 dxe4 21.
Bxe4 Bd4 22. Kg2 Bh3+ 23. Kxh3 Qe6+ 24. g4 Qxe4 25. Qd7 Rc3+ 26. Bg3 f5 27.
gxf5 Qxf5+ 28. Qxf5 gxf5 29. Kg2 e5 30. Rd1 Rc2 31. Kh3 Rc4 32. f3 Kf7 33. Rd3
Ke6 34. Rb3 Kd5 35. a4 Rc2 36. b5 f4 37. Be1 Re2 38. Rb1 Re3 39. Kg2 e4 40.
fxe4+ Kxe4 41. a5 Re2+ 42. Kh3 Kf3 43. Bh4 Re6 44. Rf1+ Ke4 45. Bg5 Be3 46. Kg4
Rg6 47. h4 Rg7 48. b6 axb6 49. axb6 Rb7 50. Bxf4 Rf7 51. b7 Bxf4 52. Re1+ Kd3
53. Re8 h5+ 54. Kxh5 Rxb7 55. Kg4 Be3 56. Re6 Rg7+ 57. Kf5 Rh7 58. Kg4 Ke2 59.
h5 Kf2 60. Rxe3 Kxe3 61. Kg5 Rg7+ 62. Kf6 1/2-1/2

[Event "26th North American Open"]
[Site "Las Vegas"]
[Date "2016.12.27"]
[Round "4"]
[White "Li, Ruifeng"]
[Black "Taghizadeh, Rayan"]
[Result "1/2-1/2"]
[WhiteElo "2557"]
[BlackElo "2310"]
[PlyCount "94"]
[EventDate "2016.12.??"]
[EventType "swiss"]
[EventRounds "9"]
[EventCountry "USA"]
[Source "MonRoi"]

1. e4 e5 2. Nf3 Nc6 3. Bc4 Be7 4. d4 exd4 5. Nxd4 Nf6 6. Nc3 d6 7. O-O O-O 8.
Bf4 a6 9. a4 Nb4 10. Re1 Nd7 11. Nd5 Nxd5 12. Bxd5 Bf6 13. c3 Nc5 14. Bg3 Bh4
15. a5 Bxg3 16. hxg3 Qf6 17. Qc2 Be6 18. e5 dxe5 19. Nxe6 fxe6 20. Bc4 Rad8 21.
b4 Nd7 22. Ra2 Nb8 23. Bd3 h6 24. Be4 c6 25. Bf3 Rd6 26. Qe4 Nd7 27. Qe3 Rd8
28. Rae2 Nf8 29. Qxe5 Qxe5 30. Rxe5 Rd3 31. Rc1 Kf7 32. Kf1 Kf6 33. Ree1 Ng6
34. Red1 Ne5 35. Be2 Rxd1+ 36. Rxd1 Rxd1+ 37. Bxd1 c5 38. f4 Nc6 39. Bf3 cxb4
40. cxb4 Nxb4 41. Bxb7 Ke7 42. Ke2 Kd6 43. Kf3 Nc6 44. Kg4 Nxa5 45. Bxa6 Ke7
46. Kh5 Kf6 47. Bc8 Nc6 1/2-1/2

[Event "26th North American Open"]
[Site "Las Vegas"]
[Date "2016.12.27"]
[Round "4"]
[White "Nguyen, Anh"]
[Black "Aoshima, Mirai"]
[Result "1-0"]
[WhiteElo "2482"]
[BlackElo "2281"]
[PlyCount "67"]
[EventDate "2016.12.??"]
[EventType "swiss"]
[EventRounds "9"]
[EventCountry "USA"]
[Source "MonRoi"]

1. d4 Nf6 2. c4 b6 3. Nc3 Bb7 4. f3 d5 5. cxd5 Nxd5 6. e4 Nxc3 7. bxc3 e5 8.
dxe5 Qxd1+ 9. Kxd1 Nd7 10. Bf4 g6 11. Bc4 Bg7 12. e6 fxe6 13. Ne2 O-O-O 14. Kc2
Nc5 15. Be3 Rd6 16. Bxc5 bxc5 17. Rhd1 Rb6 18. Nf4 Re8 19. a4 a5 20. Rab1 Bc6
21. Rxb6 cxb6 22. Kb3 e5 23. Ne6 Bf8 24. Ba6+ Kb8 25. Nd8 Ba8 26. Bb5 Re7 27.
Bc6 Bh6 28. Kc4 Rc7 29. Bxa8 Kxa8 30. Kb5 Ka7 31. Rd6 Bg5 32. Ne6 Be7 33. Nxc7
Bxd6 34. Nd5 1-0

[Event "26th North American Open"]
[Site "Las Vegas"]
[Date "2016.12.27"]
[Round "4"]
[White "Shmelov, Denys"]
[Black "Lu, Albert"]
[Result "1/2-1/2"]
[WhiteElo "2416"]
[BlackElo "2276"]
[PlyCount "81"]
[EventDate "2016.12.??"]
[EventType "swiss"]
[EventRounds "9"]
[EventCountry "USA"]
[Source "MonRoi"]

1. d4 d5 2. c4 e6 3. Nc3 Be7 4. cxd5 exd5 5. Bf4 Nf6 6. e3 O-O 7. Bd3 c5 8.
dxc5 Bxc5 9. Nge2 Nc6 10. O-O d4 11. exd4 Nxd4 12. Nxd4 Bxd4 13. Nb5 Bb6 14.
Rc1 Bg4 15. Qb3 Be6 16. Qa3 Nd5 17. Bg3 h5 18. Be4 h4 19. Bd6 Re8 20. Rcd1 Qg5
21. Nd4 Nf4 22. Nxe6 Rxe6 23. Bxb7 Ne2+ 24. Kh1 Rd8 25. h3 Qb5 26. Ba6 Qc6 27.
Qf3 Qxf3 28. gxf3 Rexd6 29. Bxe2 Rd2 30. Rxd2 Rxd2 31. Bc4 Bxf2 32. Bb3 Bb6 33.
Rc1 Kf8 34. Rc2 Rd1+ 35. Kh2 Rf1 36. Bd5 Ke7 37. Re2+ Kf6 38. b4 Rb1 39. Bb3 g6
40. Rd2 Rf1 41. Rd7 1/2-1/2

[Event "26th North American Open"]
[Site "Las Vegas"]
[Date "2016.12.27"]
[Round "4"]
[White "Mousseri, Daniel"]
[Black "Kojima, Shinya"]
[Result "0-1"]
[WhiteElo "2161"]
[BlackElo "2403"]
[PlyCount "116"]
[EventDate "2016.12.??"]
[EventType "swiss"]
[EventRounds "9"]
[EventCountry "USA"]
[Source "MonRoi"]

1. e4 c6 2. d4 d5 3. Nc3 dxe4 4. Nxe4 Bf5 5. Ng3 Bg6 6. Nf3 Nd7 7. h4 h6 8. h5
Bh7 9. Bd3 Bxd3 10. Qxd3 e6 11. Bd2 Ngf6 12. O-O-O Be7 13. Qe2 Qb6 14. Ne5 Rd8
15. Rhe1 O-O 16. Ng6 Rfe8 17. Nxe7+ Rxe7 18. Nf5 Ree8 19. Nd6 Rf8 20. Bf4 c5
21. Nc4 Qa6 22. Bd6 Rfe8 23. dxc5 Qxa2 24. Na3 Qa1+ 25. Nb1 Qa5 26. Qc4 Nd5 27.
Re4 Rc8 28. b4 Qd8 29. Nc3 N7f6 30. Red4 b6 31. Nxd5 Nxd5 32. Qa6 Qg5+ 33. Kb2
Qxg2 34. Qe2 Qh3 35. R1d3 Qf5 36. Rg3 Kh8 37. Rdg4 Rg8 38. Qe5 Qxe5+ 39. Bxe5
f6 40. Bd6 bxc5 41. Bxc5 a5 42. c4 axb4 43. cxd5 Rxc5 44. dxe6 Rxh5 45. f4 f5
46. Rg6 Rh4 47. e7 Rh2+ 48. Kb3 Re2 49. Kxb4 Rxe7 50. Kc5 Kh7 51. Kd6 Re4 52.
Rg1 Rxf4 53. Ke6 Rg4 54. R6xg4 fxg4 55. Rxg4 Rf8 56. Ke5 g5 57. Ke4 Kg6 58. Ke3
h5 0-1

[Event "26th North American Open"]
[Site "Las Vegas"]
[Date "2016.12.27"]
[Round "4"]
[White "Kumar, Nikhil"]
[Black "Pourkashiyan, Atousa"]
[Result "1-0"]
[WhiteElo "2251"]
[BlackElo "2335"]
[PlyCount "127"]
[EventDate "2016.12.??"]
[EventType "swiss"]
[EventRounds "9"]
[EventCountry "USA"]
[Source "MonRoi"]

1. d4 Nf6 2. c4 e6 3. Nc3 Bb4 4. e3 O-O 5. Nge2 d5 6. a3 Be7 7. cxd5 exd5 8.
Nf4 c6 9. Bd3 Na6 10. O-O Nc7 11. f3 Ne6 12. Nfe2 c5 13. dxc5 Bxc5 14. b4 Bb6
15. Na4 Bc7 16. Bb2 Bd7 17. Kh1 Re8 18. Qb3 Qe7 19. Rac1 Qd6 20. g3 Qe7 21. Nf4
Nxf4 22. exf4 Rac8 23. Bxf6 Qxf6 24. Nc3 d4 25. Ne4 Qe7 26. Rce1 h6 27. Ng5 Qf6
28. Nxf7 Be6 29. Rxe6 Rxe6 30. Ng5 hxg5 31. fxg5 Qf7 32. g6 Qf6 33. Bc4 Rce8
34. Bxe6+ Rxe6 35. Re1 Be5 36. f4 Kh8 37. Qd5 Qxg6 38. fxe5 d3 39. Re4 d2 40.
Rh4+ Kg8 41. Rd4 Qf5 42. Kg2 Qxe5 43. Qxe5 Rxe5 44. Kf3 Re1 45. Rxd2 Ra1 46.
Rd3 Kf7 47. Ke4 Ke6 48. Kf4 Kf6 49. h4 Ra2 50. h5 Rc2 51. Rd6+ Ke7 52. Rd5 Rc3
53. Ra5 a6 54. g4 Kf7 55. Kg5 Rg3 56. Rc5 b5 57. Rc7+ Kg8 58. Ra7 Kh7 59. Rxa6
Rd3 60. Ra5 Rd5+ 61. Kh4 Re5 62. a4 g5+ 63. hxg6+ Kxg6 64. Rxb5 1-0

[Event "26th North American Open"]
[Site "Las Vegas"]
[Date "2016.12.27"]
[Round "4"]
[White "Kumar, Aravind"]
[Black "Gelashvili, Tamaz"]
[Result "1/2-1/2"]
[WhiteElo "2192"]
[BlackElo "2568"]
[PlyCount "80"]
[EventDate "2016.12.??"]
[EventType "swiss"]
[EventRounds "9"]
[EventCountry "USA"]
[Source "MonRoi"]

1. d4 d6 2. e4 g6 3. Nc3 Bg7 4. Be3 a6 5. Qd2 Nd7 6. h4 h5 7. Nh3 b5 8. O-O-O
Bb7 9. f3 Rc8 10. Ng5 c5 11. Kb1 cxd4 12. Bxd4 Ngf6 13. g3 O-O 14. g4 b4 15.
Nd5 Bxd5 16. exd5 Qa5 17. gxh5 Nxh5 18. Bxg7 Kxg7 19. Bh3 Rc7 20. Bxd7 Rxd7 21.
f4 Rh8 22. Rhf1 Ng3 23. Qd4+ f6 24. Ne6+ Kf7 25. Rg1 Ne2 26. Qe4 Nxg1 27. Rxg1
Rg8 28. Nd4 Rc7 29. h5 e5 30. dxe6+ Ke7 31. Nc6+ Rxc6 32. Qxc6 Qb5 33. Qxb5
axb5 34. hxg6 Kxe6 35. g7 Kf5 36. Kc1 Kxf4 37. Kd2 f5 38. Kd3 Ke5 39. Ke3 Kf6
40. Kf4 Rxg7 1/2-1/2

[Event "26th North American Open"]
[Site "Las Vegas"]
[Date "2016.12.27"]
[Round "4"]
[White "Wang, Annie"]
[Black "Kavutskiy, Konstantin"]
[Result "0-1"]
[WhiteElo "2169"]
[BlackElo "2377"]
[PlyCount "68"]
[EventDate "2016.12.??"]
[EventType "swiss"]
[EventRounds "9"]
[EventCountry "USA"]
[Source "MonRoi"]

1. d4 Nf6 2. c4 g6 3. Nc3 Bg7 4. e4 d6 5. Nf3 O-O 6. Be2 Nbd7 7. O-O e5 8. Be3
Qe7 9. Nd2 c6 10. d5 c5 11. a3 Ne8 12. Bd3 f5 13. f4 exf4 14. Bxf4 Bd4+ 15. Kh1
g5 16. Bg3 f4 17. Bf2 Bxf2 18. Rxf2 Ne5 19. Be2 g4 20. Qf1 Qg5 21. g3 f3 22.
Bd1 Nf6 23. Ba4 Nh5 24. Rd1 a6 25. Re1 Rf6 26. Bc2 Nxg3+ 27. hxg3 Rh6+ 28. Kg1
Qh5 29. Rg2 Qh1+ 30. Kf2 fxg2 31. Qg1 Rf6+ 32. Ke2 Qh3 33. Qe3 Nf3 34. Nxf3
gxf3+ 0-1

[Event "26th North American Open"]
[Site "Las Vegas"]
[Date "2016.12.27"]
[Round "4"]
[White "Eckert, Doug"]
[Black "Feng, Roland"]
[Result "0-1"]
[WhiteElo "2152"]
[BlackElo "2340"]
[PlyCount "78"]
[EventDate "2016.12.??"]
[EventType "swiss"]
[EventRounds "9"]
[EventCountry "USA"]
[Source "MonRoi"]

1. c4 e5 2. g3 Nf6 3. Bg2 Bc5 4. Nc3 a6 5. e3 Nc6 6. Nge2 h6 7. d4 exd4 8. exd4
Ba7 9. O-O O-O 10. h3 d6 11. g4 Ne7 12. Ng3 c6 13. d5 cxd5 14. cxd5 Nh7 15. Kh2
f5 16. f3 Ng6 17. Nxf5 Bxf5 18. gxf5 Nh4 19. Qd3 Qd7 20. Bd2 Nxg2 21. Kxg2 Rxf5
22. Rae1 Raf8 23. Re6 Ng5 24. Bxg5 Rxg5+ 25. Kh2 Qf7 26. f4 Rf5 27. Ne2 Qc7 28.
Qe4 Qc5 29. Re7 Qxd5 30. Qxd5+ Rxd5 31. Rxb7 Bc5 32. Kg3 Re8 33. Nc3 Rd2 34.
Rf3 Re1 35. b4 Bd4 36. Nd5 Rg1+ 37. Kh4 Bf2+ 38. Rxf2 Rxf2 39. f5 Re2 0-1

[Event "26th North American Open"]
[Site "Las Vegas"]
[Date "2016.12.27"]
[Round "4"]
[White "Panchanathan, Magesh"]
[Black "Wang, Michael"]
[Result "1-0"]
[WhiteElo "2513"]
[BlackElo "2165"]
[PlyCount "113"]
[EventDate "2016.12.??"]
[EventType "swiss"]
[EventRounds "9"]
[EventCountry "USA"]
[Source "MonRoi"]

1. Nf3 d5 2. g3 Nf6 3. Bg2 c6 4. O-O Bf5 5. d3 Nbd7 6. Nbd2 h6 7. b3 e6 8. Bb2
Be7 9. e4 dxe4 10. dxe4 Bh7 11. Qe2 O-O 12. e5 Nd5 13. Ne4 Nc5 14. Nfd2 a5 15.
a3 Qc7 16. c4 Nxe4 17. Bxe4 Nb6 18. Bxh7+ Kxh7 19. Ne4 Nd7 20. Nd6 Kg8 21. Rad1
Rad8 22. Qe3 b6 23. b4 Rb8 24. Rd3 c5 25. Rfd1 Rfd8 26. bxa5 bxa5 27. Bc3 a4
28. Nb5 Qc6 29. Ba5 Nb6 30. Rxd8+ Rxd8 31. Rxd8+ Bxd8 32. Qd3 Be7 33. Bxb6 Qxb6
34. Qd7 Qa5 35. Kf1 Bf8 36. Ke2 Qa8 37. f3 g5 38. h3 h5 39. g4 hxg4 40. hxg4
Qb8 41. Qc7 Qxc7 42. Nxc7 Bg7 43. Na6 Bxe5 44. Nxc5 Bd6 45. Nxa4 Bxa3 46. c5
Kf8 47. Kd3 Ke7 48. Kc4 f5 49. Kb5 fxg4 50. fxg4 Kf6 51. c6 Bd6 52. Nb6 e5 53.
Nc4 Bc7 54. Ka6 e4 55. Kb7 Bf4 56. c7 Bxc7 57. Kxc7 1-0

[Event "26th North American Open"]
[Site "Las Vegas"]
[Date "2016.12.27"]
[Round "4"]
[White "Li, Ben"]
[Black "Patil, Anuprita"]
[Result "1-0"]
[WhiteElo "2237"]
[BlackElo "2066"]
[PlyCount "67"]
[EventDate "2016.12.??"]
[EventType "swiss"]
[EventRounds "9"]
[EventCountry "USA"]
[Source "MonRoi"]

1. d4 d5 2. Nf3 Nf6 3. c4 e6 4. Nc3 Be7 5. Bf4 O-O 6. a3 c5 7. dxc5 Bxc5 8. e3
Nc6 9. Qc2 Qa5 10. O-O-O dxc4 11. Bxc4 a6 12. Nd2 Be7 13. Bd3 Ne5 14. Be2 Ng6
15. Nc4 Qc5 16. Bg3 Bd7 17. h4 Rfc8 18. h5 Nf8 19. Kb1 b5 20. Nd6 Nd5 21. Nxc8
Rxc8 22. Rc1 b4 23. Nxd5 Qxd5 24. Qd3 Rxc1+ 25. Rxc1 Qxg2 26. axb4 Bxb4 27.
Qxa6 e5 28. Ka1 Ne6 29. Bc4 h6 30. Rd1 Nc5 31. Qa7 Qf3 32. Qb8+ Kh7 33. Rxd7
Qh1+ 34. Ka2 1-0

[Event "26th North American Open"]
[Site "Las Vegas"]
[Date "2016.12.27"]
[Round "4"]
[White "Zhu, Jack"]
[Black "Martinez-Martin, David"]
[Result "1/2-1/2"]
[WhiteElo "2288"]
[BlackElo "2411"]
[PlyCount "89"]
[EventDate "2016.12.??"]
[EventType "swiss"]
[EventRounds "9"]
[EventCountry "USA"]
[Source "MonRoi"]

1. d4 Nf6 2. Bf4 d6 3. Nc3 Bf5 4. f3 d5 5. e3 e6 6. Qd2 c5 7. O-O-O cxd4 8.
exd4 Nc6 9. g4 Bg6 10. Bd3 Rc8 11. Nge2 Bb4 12. a3 Be7 13. Bxg6 hxg6 14. Qd3
Na5 15. Kb1 Nc4 16. Bc1 Qb6 17. Ka2 Qa5 18. Nb1 b5 19. h4 b4 20. h5 g5 21. b3
bxa3 22. bxc4 dxc4 23. Qd2 c3 24. Nexc3 Bb4 25. Qxg5 Bxc3 26. Qxa5 Bxa5 27.
Nxa3 Nd5 28. Ka1 Bc3+ 29. Bb2 Ke7 30. Rd3 Kf6 31. Rb1 Bb4 32. Rc1 Bc3 33. Nb5
Bxb2+ 34. Kxb2 Rc4 35. Nd6 Rb8+ 36. Ka3 Rc6 37. Ne4+ Ke7 38. Rb3 Rxb3+ 39. Kxb3
f5 40. Nc5 Rb6+ 41. Ka3 fxg4 42. fxg4 Nc3 43. Nb3 Ra6+ 44. Kb2 Na4+ 45. Ka1
1/2-1/2

[Event "26th North American Open"]
[Site "Las Vegas"]
[Date "2016.12.28"]
[Round "5.1"]
[White "Friedel, Joshua"]
[Black "Zhou, Jianchao"]
[Result "1/2-1/2"]
[WhiteElo "2510"]
[BlackElo "2632"]
[PlyCount "100"]
[EventDate "2016.12.??"]
[EventType "swiss"]
[EventRounds "9"]
[EventCountry "USA"]
[Source "MonRoi"]
[WhiteClock "0:25:03"]
[BlackClock "0:17:40"]

1. d4 Nf6 2. c4 e6 3. Nc3 Bb4 4. Nf3 b6 5. e3 Bb7 6. Bd3 O-O 7. O-O c5 8. Na4
cxd4 9. exd4 Re8 10. a3 Bf8 11. b4 d6 12. Bb2 Nbd7 13. Re1 Qc7 14. Nc3 Rac8 15.
Nd2 Ba8 16. Bf1 g6 17. Nb3 Qb7 18. Qd3 Qb8 19. Rab1 Ng4 20. Qg3 Nh6 21. d5 Nf5
22. Qh3 exd5 23. Nxd5 Rxe1 24. Rxe1 Bxd5 25. cxd5 Ne5 26. Bd3 Nxd3 27. Qxd3 Re8
28. Re4 Rxe4 29. Qxe4 Qc8 30. g3 h5 31. Kg2 Bg7 32. Bxg7 Nxg7 33. Qd3 h4 34.
Nd2 hxg3 35. hxg3 Ne8 36. Qd4 Qd8 37. Ne4 Qe7 38. g4 f5 39. gxf5 gxf5 40. Ng3
Ng7 41. f4 Kh7 42. Qc3 Kg6 43. Kf3 Ne8 44. Qc8 Ng7 45. Qc3 Nh5 46. Nxh5 Kxh5
47. Qh8+ Kg6 48. Qg8+ Kh6 49. Qh8+ Kg6 50. Qg8+ Kh6 1/2-1/2

[Event "26th North American Open"]
[Site "Las Vegas"]
[Date "2016.12.28"]
[Round "5.2"]
[White "Izoria, Zviad"]
[Black "Brown, Michael"]
[Result "0-1"]
[WhiteElo "2604"]
[BlackElo "2452"]
[PlyCount "104"]
[EventDate "2016.12.??"]
[EventType "swiss"]
[EventRounds "9"]
[EventCountry "USA"]
[Source "MonRoi"]
[WhiteClock "0:04:45"]
[BlackClock "0:00:27"]

1. e4 e5 2. Nf3 Nc6 3. Bb5 a6 4. Ba4 Nf6 5. O-O Be7 6. Re1 b5 7. Bb3 d6 8. c3
O-O 9. d3 Na5 10. Bc2 c5 11. Nbd2 Nc6 12. Nf1 Re8 13. h3 h6 14. Ne3 Be6 15. Nh2
d5 16. exd5 Nxd5 17. Nxd5 Bxd5 18. Ng4 Bf8 19. Ne3 Be6 20. Qf3 Qd7 21. Ng4 Bd5
22. Qg3 Kh8 23. f4 exf4 24. Bxf4 Be6 25. Rf1 Rad8 26. Ne5 Nxe5 27. Bxe5 Bf5 28.
Rf2 f6 29. Bc7 Rc8 30. Bf4 c4 31. d4 Bxc2 32. Rxc2 g5 33. Be3 Re4 34. Qf3 Rce8
35. Bf2 f5 36. Qh5 Kh7 37. Rcc1 Bd6 38. Re1 Bf4 39. Rad1 R8e7 40. d5 Qd6 41.
Kf1 Rxe1+ 42. Bxe1 Be3 43. Bf2 Kg7 44. Qf3 Bxf2 45. Qxf2 Kg6 46. Kg1 Re5 47.
Qd4 Re2 48. Kf1 Re4 49. Qg1 Rf4+ 50. Ke2 Qe5+ 51. Kd2 Qxd5+ 52. Kc1 Qe6 0-1

[Event "26th North American Open"]
[Site "Las Vegas"]
[Date "2016.12.28"]
[Round "5.3"]
[White "Gurevich, Daniel"]
[Black "Kaidanov, Gregory"]
[Result "1/2-1/2"]
[WhiteElo "2455"]
[BlackElo "2572"]
[PlyCount "71"]
[EventDate "2016.12.??"]
[EventType "swiss"]
[EventRounds "9"]
[EventCountry "USA"]
[Source "MonRoi"]
[WhiteClock "0:03:34"]
[BlackClock "0:02:48"]

1. e4 e5 2. Nf3 Nc6 3. Bb5 a6 4. Ba4 Nf6 5. d3 d6 6. c3 g6 7. O-O Bg7 8. Re1
O-O 9. h3 b5 10. Bc2 Bb7 11. a4 b4 12. a5 Rb8 13. Be3 Re8 14. Nbd2 h6 15. Ba4
Nd7 16. d4 bxc3 17. bxc3 exd4 18. cxd4 Nb4 19. Rb1 Ba8 20. d5 Re7 21. Qe2 c5
22. dxc6 Nc5 23. Qc4 Nxa4 24. Rxb4 Rxb4 25. Qxb4 Bxc6 26. Nd4 Be8 27. Rb1 Rc7
28. Nc4 Bf8 29. Nb6 Nc3 30. Re1 d5 31. Qb3 dxe4 32. Rc1 Nb5 33. Rd1 Nc3 34. Rc1
Nb5 35. Rd1 Nc3 36. Rc1 1/2-1/2

[Event "26th North American Open"]
[Site "Las Vegas"]
[Date "2016.12.28"]
[Round "5.4"]
[White "Li, Zhaozhi"]
[Black "Nguyen, Anh"]
[Result "0-1"]
[WhiteElo "2313"]
[BlackElo "2482"]
[PlyCount "100"]
[EventDate "2016.12.??"]
[EventType "swiss"]
[EventRounds "9"]
[EventCountry "USA"]
[Source "MonRoi"]
[WhiteClock "0:10:05"]
[BlackClock "0:17:27"]

1. d4 Nf6 2. c4 e6 3. Nf3 b6 4. a3 Bb7 5. Nc3 d5 6. Qa4+ Qd7 7. Qxd7+ Nbxd7 8.
Nb5 Bd6 9. cxd5 Bxd5 10. e3 a6 11. Nxd6+ cxd6 12. Bd2 Ke7 13. Rc1 Rhc8 14. Rxc8
Rxc8 15. Bxa6 Rc2 16. b4 Ne4 17. Bd3 Ra2 18. Ke2 Nc3+ 19. Kf1 Bxf3 20. Bxc3 Bb7
21. Be1 Nf6 22. Bc4 Rxa3 23. Rg1 Bd5 24. Bb5 Ne4 25. f3 Nc3 26. Bxc3 Rxc3 27.
Kf2 Bc4 28. Bxc4 Rxc4 29. Rb1 b5 30. Rb2 f5 31. f4 e5 32. dxe5 dxe5 33. fxe5
Ke6 34. Ra2 Kxe5 35. Ra7 Kf6 36. Ra6+ Kg5 37. Ra7 Kh6 38. Ra6+ g6 39. Ra7 Rxb4
40. Rb7 Rb1 41. Kf3 b4 42. e4 fxe4+ 43. Kxe4 b3 44. Kf3 Kg5 45. h4+ Kf6 46. g4
Ke5 47. Kg2 Kf4 48. Rxh7 Kxg4 49. Rg7 Rb2+ 50. Kf1 Rc2 0-1

[Event "26th North American Open"]
[Site "Las Vegas"]
[Date "2016.12.28"]
[Round "5"]
[White "Tang, Andrew"]
[Black "Tiglon, Bryce"]
[Result "1/2-1/2"]
[WhiteElo "2466"]
[BlackElo "2313"]
[PlyCount "124"]
[EventDate "2016.12.??"]
[EventType "swiss"]
[EventRounds "9"]
[EventCountry "USA"]
[Source "MonRoi"]

1. d4 Nf6 2. c4 c5 3. d5 b5 4. cxb5 a6 5. e3 e6 6. Nc3 exd5 7. Nxd5 Bb7 8.
Nxf6+ Qxf6 9. bxa6 Nxa6 10. Bd2 Bd6 11. Nf3 Qxb2 12. Rb1 Bxf3 13. Rxb2 Bxd1 14.
Kxd1 Nb4 15. Bxb4 cxb4 16. Rd2 Ke7 17. Bc4 Bc5 18. Ke2 d6 19. Bb3 f5 20. Rd5 g6
21. h3 Rhf8 22. Rhd1 Rf6 23. g3 Rc8 24. f4 Kf8 25. Kf3 Rf7 26. Rxd6 Bxd6 27.
Bxf7 Kxf7 28. Rxd6 h5 29. Rd7+ Ke6 30. Rg7 Kf6 31. Rb7 Rc2 32. g4 Rh2 33. g5+
Ke6 34. Rg7 Rxh3+ 35. Ke2 Rh2+ 36. Kd3 Rxa2 37. Rxg6+ Kd5 38. Rf6 Ra3+ 39. Ke2
Ra2+ 40. Kf3 b3 41. g6 Ra8 42. g7 b2 43. Rb6 Rg8 44. Rxb2 Rxg7 45. Rb6 Rf7 46.
Rh6 Rf8 47. Ke2 h4 48. Kd3 h3 49. Rxh3 Ke6 50. Rh6+ Kf7 51. Kd4 Re8 52. Rh7+
Kf6 53. Rd7 Re4+ 54. Kd3 Re8 55. Ke2 Ke6 56. Rh7 Kf6 57. Kf3 Kg6 58. Rc7 Kf6
59. Rc6+ Kf7 60. Ra6 Rd8 61. Kg3 Re8 62. Kh4 Rg8 1/2-1/2

[Event "26th North American Open"]
[Site "Las Vegas"]
[Date "2016.12.28"]
[Round "5"]
[White "Hong, Andrew"]
[Black "Wheeler, Cameron"]
[Result "0-1"]
[WhiteElo "2346"]
[BlackElo "2408"]
[PlyCount "102"]
[EventDate "2016.12.??"]
[EventType "swiss"]
[EventRounds "9"]
[EventCountry "USA"]
[Source "MonRoi"]

1. e4 e6 2. d4 d5 3. Nc3 Nf6 4. Bg5 dxe4 5. Nxe4 Be7 6. Bxf6 gxf6 7. Qd2 f5 8.
Nc3 c5 9. d5 a6 10. O-O-O Qd6 11. Nf3 Nd7 12. Qe3 e5 13. g4 fxg4 14. Nd2 Bf8
15. h3 Bh6 16. Nce4 Qg6 17. Qd3 f5 18. Ng3 e4 19. Qe2 Nf6 20. hxg4 fxg4 21. Bg2
O-O 22. Kb1 Bg7 23. Ndxe4 b6 24. Qd3 Nd7 25. Rh5 Ne5 26. Qe2 h6 27. Rdh1 Bd7
28. b3 Rae8 29. Qd2 Nf7 30. Qd3 Bh8 31. R5h4 c4 32. Qd2 Bg7 33. Rh5 cxb3 34.
axb3 a5 35. Qd3 Ne5 36. Qd2 Nf7 37. Qd3 a4 38. b4 Ne5 39. Qe2 Nf3 40. Qe3 a3
41. Ka2 Bb5 42. Bf1 Bxf1 43. Rxf1 Ng5 44. Rxg5 hxg5 45. Qd3 Rf3 46. Qc4 Rc3 47.
Qe2 Rxg3 48. fxg3 Rxe4 49. Qd3 Qe8 50. Rf5 Rxb4 51. Qa6 Rb2+ 0-1